Electoral justice in zambian: resolving disputes from the 2016 elections and emerging jurisprudence (Record no. 75782)
[ view plain ]
| 000 -LEADER | |
|---|---|
| fixed length control field | 00945nam a2200181 a 4500 |
| 008 - FIXED-LENGTH DATA ELEMENTS--GENERAL INFORMATION | |
| fixed length control field | 170727s2017 ||||||||||||||||| || u |
| 020 ## - INTERNATIONAL STANDARD BOOK NUMBER | |
| International Standard Book Number | 9781920446666 |
| 050 ## - LIBRARY OF CONGRESS CALL NUMBER | |
| Classification number | ZAM K 3293 Ele |
| 245 00 - TITLE STATEMENT | |
| Title | Electoral justice in zambian: resolving disputes from the 2016 elections and emerging jurisprudence |
| Statement of responsibility, etc. | By Electoral Institute for Sustainable Democracy in Africa (EISA) |
| 260 ## - PUBLICATION, DISTRIBUTION, ETC. | |
| Place of publication, distribution, etc. | Johannesburg |
| Name of publisher, distributor, etc. | Electoral Institute for Sustainable Democracy in Africa (EISA) |
| Date of publication, distribution, etc. | 2017 |
| 300 ## - PHYSICAL DESCRIPTION | |
| Extent | viii, 76 pages: illustrations |
| 650 ## - SUBJECT ADDED ENTRY--TOPICAL TERM | |
| Topical term or geographic name entry element | CONTESTED ELECTIONS--ZAMBIA |
| 650 ## - SUBJECT ADDED ENTRY--TOPICAL TERM | |
| Topical term or geographic name entry element | ELECTIONS--ZAMBIA |
| 650 ## - SUBJECT ADDED ENTRY--TOPICAL TERM | |
| Topical term or geographic name entry element | ELECTIONS DISPUTES--ZAMBIA |
| 650 ## - SUBJECT ADDED ENTRY--TOPICAL TERM | |
| Topical term or geographic name entry element | DISPUTE RESOLUTION(LAW) |
| 995 ## - | |
| -- | SPECIAL COLLECTIONS |
| -- | 747729 |
| -- | CBU-MAIN LIBRARY (Kitwe) |
| -- | ZAM K 3293 Ele |
| -- | 2 |
| -- | AVAILABLE |
| -- | May 29, 2019 |
| -- | 747729 |
| -- | Zambiana Collection |
| 995 ## - | |
| -- | SPECIAL COLLECTIONS |
| -- | 747728 |
| -- | CBU-MAIN LIBRARY (Kitwe) |
| -- | ZAM K 3293 Ele |
| -- | 1 |
| -- | AVAILABLE |
| -- | Jul 27, 2017 |
| -- | 747728 |
| -- | Zambiana Collection |
| 999 ## - | |
| -- | 75782 |
| -- | 75782 |
| Withdrawn status | Lost status | Source of classification or shelving scheme | Damaged status | Not for loan | Permanent Location | Current Location | Shelving location | Date acquired | Total Checkouts | Full call number | Barcode | Date last seen | Copy number | Price effective from | Koha item type |
|---|---|---|---|---|---|---|---|---|---|---|---|---|---|---|---|
| CBU-MAIN LIBRARY, KITWE. | CBU-MAIN LIBRARY, KITWE. | 04/24/2023 | ZAM K 3293 Ele | 747729 | 04/24/2023 | 1 | 04/24/2023 | SPECIAL COLLECTION | |||||||
| CBU-MAIN LIBRARY, KITWE. | CBU-MAIN LIBRARY, KITWE. | 04/24/2023 | ZAM K 3293 Ele | 747728 | 04/24/2023 | 2 | 04/24/2023 | SPECIAL COLLECTION |